00819 a2200193 4500003000500000005001700005010001700022020002800039040000900067082001500076100002300091245006500114260003800179300003200217440002200249505022800271650003500499856009100534Nust20220803124627.0 a 2002019322 a0824707982 (alk. paper) cNust00a621.31,BRO1 aBrown, Richard E.,10aElectric Power Distribution Reliability /cRichard E. Brown. aNew York :bMarcel Dekker,c2002. ax, 365 p. :bill. ;c23 cm. 0aPower engineering aDistribution Systems (Page-1), Reliability Metrics and Indices (Page-39), Interruption Causes (Page-75), Component Modeling (Page-115), System Modeling (Page-143), System Analysis (Page-213), System Optimization (Page-291). 0aTelecommunication Engineering.423Publisher descriptionuhttp://www.loc.gov/catdir/enhancements/fy0646/2002019322-d.html